Statistiques concernant Deviner l'artiste

Cliquez ici pour prendre le quiz!

Statistiques générales

  • Ce quiz a été pris 146 fois
  • Le résultat moyen est 8 sur 15

Statistiques - réponses

Réponse% Correct
Vincent Van Gogh
96%
Claude Monet
90%
Pablo Picasso
80%
Edvard Munch
75%
Édouard Manet
72%
Leonard de Vinci
72%
Sandro Botticelli
67%
Pierre-Auguste Renoir
58%
Banksy
55%
Edward Hopper
33%
Vassily Kandinsky
32%
Georges Seurat
20%
Mark Chagall
15%
James Whistler
6%
Edvard Eriksen
3%

Distribution des résultats

Percentile par nombre de réponses

% des personnes avec chaque résultat

Votre développement - résultats

Vous n’avez pas pris ce quiz